000 00588nam a2200241 a 4500
001 nice12345678
003 IN_TiNIC
005 20260116011416.0
008 050524s1877 teha grp 000 0 ara
020 _a
_c100
082 0 0 _a891.71
_bHUS
100 _aHussain, Al Mohammad Taqi
245 _aMajnoonul Amri-O-Lailaul Amria
260 _aTehran
_bNo Publisher
_c1877
300 _a00p
500 _aincludes index and biblioraphy
505 2 _aIndex
650 _aArabic-Poetry
700 1 _aHussain, Al Mohammad Taqi
902 _bSRS
942 _cBK
999 _c1275
_d1275